000 01347nam0a22003011 4500
001 v19\rc\1298091
005 20250618020339.0
035 _a(NLR Aleph) 004444167
090 _a4435920
_c4435920
100 _a20060306d1864 |||y0rusy50 ca
101 0 _arus
102 _aRU
105 _ay c |||||
200 1 _aУказатель Выставки в Академии художеств художественных произведений бывшего профессора скульптуры Н.С. Пименова
210 _a[Санкт-Петербург
_d1864]
215 _a15 с.
_d21
309 _aБез тит. л. и обл.
327 0 _aС. 5-15: Н.С. Пименов: (Биогр. очерк)
464 0 _12001#$aНиколай Степанович Пименов
_1215##$aС. 5-15
_tНиколай Степанович Пименов
702 1 _4570
_7ca
_8rus
_aПименов
_bН. С.
_f1812-1864
_gНиколай Степанович
_9248393
_3RU\NLR\AUTH\770248449
710 1 2 _aПименов, Николай Степанович. Выставка художественных произведений
_f1864
_eПетербург
801 0 _aRU
_bNLR
_gpsbo
801 0 _aRU
_bRuMoRGB
_2psbo
801 1 _aRU
_bProSoft-M
_2rusmarc
852 _aNLR
_j18.255.7.100
942 _cBOOK
980 _aNB